De lo bello de las cosas: Materiales para una estética del diseño

সংরক্ষণ করুন:
গ্রন্থ-পঞ্জীর বিবরন
প্রধান লেখক: Calvera, Anna (Author)
বিন্যাস: গ্রন্থ
ভাষা:স্প্যানিশ
প্রকাশিত: Barcelona Gustavo Gili 2007
মালা:Historia del Arte y de la Arquitectura
বিষয়গুলি:
ট্যাগগুলো: ট্যাগ যুক্ত করুন
কোনো ট্যাগ নেই, প্রথমজন হিসাবে ট্যাগ করুন!

MARC

LEADER 00000nam a2200000 a 4500
001 UCH4506
003 CL-VaPUC
008 090820e20070000SP |||||||||||||||||spa|d
020 |a 9788425222238 
082 0 4 |a 741.6  |b CAL  |2 21 
100 0 |a Calvera, Anna  |e author  |9 540038 
245 1 0 |a De lo bello de las cosas: Materiales para una estética del diseño 
300 |a 222 p 
942 |c BK 
945 |d 20090820 00:00:00  |a dcastane 
260 |a Barcelona  |b Gustavo Gili  |c 2007 
650 0 |a Artes visuales  |9 336870 
650 0 |a Estilos artísticos  |9 340996 
650 0 |a Diseño gráfico  |9 266874 
650 0 |a Crítica e interpretación   |9 255042 
583 |a last modification  |c 20090820 00:00:00  |k Rodrigo Vera 
490 0 |a Historia del Arte y de la Arquitectura 
999 |c 335797  |d 335795 
952 |0 0  |1 0  |4 0  |6 741_600000000000000_CAL_2007  |7 0  |8 A  |9 426519  |a BIBARQ  |b BIBARQ  |d 2019-11-22  |i 458886K  |l 2  |m 1  |o 741.6 CAL 2007  |p 458886K  |r 2025-01-20  |s 2024-04-30  |w 2019-11-22  |y BK  |k ARQ